Geography : Teaching school subjects 11-19

Salvato in:
Dettagli Bibliografici
Autore principale: Morgan, John
Natura: Libro
Lingua:Undetermined
Pubblicazione: London Routledge 2005
Soggetti:
Tags: Aggiungi Tag
Nessun Tag, puoi essere il primo ad aggiungerne! !
Thư viện lưu trữ: Trung tâm Học liệu Trường Đại học Cần Thơ
LEADER 00564nam a2200217Ia 4500
001 CTU_87594
008 210402s9999 xx 000 0 und d
020 |c 34.86 
082 |a 910.7 
082 |b M847 
100 |a Morgan, John 
245 0 |a Geography : 
245 0 |b Teaching school subjects 11-19 
245 0 |c John Morgan, David Lambert 
260 |a London 
260 |b Routledge 
260 |c 2005 
650 |a Geography 
650 |x Study and teaching ( secondary ) 
904 |i Trúc 
980 |a Trung tâm Học liệu Trường Đại học Cần Thơ